| 000 | 00383nam a22001697a 4500 | ||
|---|---|---|---|
| 005 | 20160430092819.0 | ||
| 008 | 160430b xxu||||| |||| 00| 0 eng d | ||
| 020 | _a81-7446244-9 | ||
| 041 | _aeng | ||
| 082 | _b00974 | ||
| 100 |
_aGulsan S.S _9292 |
||
| 245 | _aBusiness law | ||
| 260 |
_aNew Delhi _bExcel Books, _c2001 |
||
| 300 | _a685 | ||
| 650 |
_aManagement _9241 |
||
| 942 | _cBK | ||
| 999 |
_c336 _d336 |
||